LEADER 01028nam a2200241 i 4500 001 000000161209 003 CaOOAMICUS 005 20070509000000.0 008 070509s1943 it u000 u ita u 013 $a138572 040 $aSeMil$bita 100 1 $aCantini, Gustavo,$c.$0(OLS)http://semarc/name/20676 245 10$aS. Bernardino da Siena :$bDivinus Christi Nuntius /$cGustavo Cantini. 260 $aRoma :$bS.A.S.,$cimprim. 1943. 300 $aVIII, 337 p., [7] c. di tav. :$bill. ;$c20 cm. 490 0 $aLa via : collana agiografica ;$v10 600 04$aBernardino : da Siena .$0(OLS)http://semarc/subject/481 830 3$aLa via ;$v10.$0(OLS)http://semarc/title/95217 850 $aSeMil 852 $aSeMil$W1$xVenegono$y1$m3H II 148$j112641$B112641$CSeMilBibl$Z2$F124949 $81 961 $aLascito: Chierichetti mons. Giovanni 996 $6245$aS. Bernardino da Siena :$bDivinus Christi Nuntius$9(OLS)http://semarc/title/144199 996 $6260$aRoma :$bS.A.S.$9(OLS)http://semarc/publisher/33345 LEADER 01325nam a2200289 i 4500 001 000000245722 003 CaOOAMICUS 005 20151014000000.0 008 151014n it u000 u ita u 013 $a224627 040 $aSeMil$bita 245 10$aMessaggio di Sua Santitą Giovanni Paolo 2. per la celebrazione della «Giornata mondiale della Pace» :$b1 gennaio 1989. 260 $aCittą del Vaticano :$bLibreria Editrice Vaticana,$c[1989?] 300 $a13 p. ;$c32 cm. 500 $aFondo card. Giovanni Colombo. 650 4$aGiovanni Paolo II - Pace.$0(OLS)http://semarc/subject/36239 700 0 $aIoannes Paulus II,$c.$0(OLS)http://semarc/name/646 850 $aSeMil 852 $aSeMil$W1$xVenegono$y1$m3GC VIII 213/20$j196068$B196068$CSeMilBibl$Z2$F206802 $8B 900 1 $aWojtyla, Karol,$d<1920-2005>. 900 0 $aGiovanni Paolo II$c. 941 1 $a3 961 $aLascito: Colombo Card. Giovanni 996 $6245$aMessaggio di Sua Santitą Giovanni Paolo 2. per la celebrazione della «Giornata mondiale della Pace» :$b1 gennaio 1989$9(OLS)http://semarc/title/347371 996 $6260$aCittą del Vaticano :$bLibreria Editrice Vaticana$9(OLS)http://semarc/publisher/29734